000 00403nam a2200169Ia 4500
003 LK-CoDNM
008 010623t1891 xxu||||| |||| 00| 1 eng d
040 _aLK-CoDNM
_dLK-CoDNM
_eLK-CoDNM
041 _aeng
080 _a50
_bB 28
245 _aThe Ceylon Friend
260 _bThe Wesleyan Mission
_aColombo
_c1891
300 _b18P., 21 cm
500 _aFourth
650 _aJohn Wesley
942 _cBK
999 _c83367
_d83367